[Event "Deutsche Ländermeisterschaft 2025"]
[Site "Oer-Erkenschwick GER"]
[Date "2025.10.03"]
[Round "4"]
[White "Derhay, Davyd"]
[Black "Herrmann, Arthur"]
[Result "0-1"]
[Termination "normal"]
[Board "8.3"]
[WhiteElo "1756"]
[BlackElo "2149"]
[WhiteClock "00:04:16"]
[BlackClock "00:03:58"]
[WhiteTeam "Hamburg 2"]
[BlackTeam "Sachsen"]
[PlyCount "148"]
[WhiteFideId "34130624"]
[BlackFideId "16287150"]
[EventCountry "GER"]
[EventRounds "7"]
[EventType "team-swiss"]
[EventDate "2025.09.30"]

1. e4 {[%clk 01:30:58]} {[%emt 00:00:02]} e5 {[%clk 01:30:54]} {[%emt
00:00:07]} 2. Nf3 {[%clk 01:31:22]} {[%emt 00:00:06]} Nc6 {[%clk 01:31:17]}
{[%emt 00:00:07]} 3. Bc4 {[%clk 01:31:42]} {[%emt 00:00:09]} Nf6 {[%clk
01:31:39]} {[%emt 00:00:08]} 4. d3 {[%clk 01:32:09]} {[%emt 00:00:04]} Bc5
{[%clk 01:31:54]} {[%emt 00:00:14]} 5. Nc3 {[%clk 01:32:32]} {[%emt 00:00:08]}
h6 {[%clk 01:31:18]} {[%emt 00:01:06]} 6. h3 {[%clk 01:32:35]} {[%emt
00:00:27]} a6 {[%clk 01:30:42]} {[%emt 00:01:06]} 7. O-O {[%clk 01:32:50]}
{[%emt 00:00:16]} d6 {[%clk 01:30:12]} {[%emt 00:00:59]} 8. Be3 {[%clk
01:25:03]} {[%emt 00:08:17]} Bxe3 {[%clk 01:28:46]} {[%emt 00:01:56]} 9. fxe3
{[%clk 01:25:29]} {[%emt 00:00:04]} Na5 {[%clk 01:28:00]} {[%emt 00:01:16]} 10.
Bb3 {[%clk 01:25:54]} {[%emt 00:00:05]} O-O {[%clk 01:26:43]} {[%emt 00:01:47]}
11. d4 {[%clk 01:22:46]} {[%emt 00:03:38]} Nxb3 {[%clk 01:04:41]} {[%emt
00:22:32]} 12. axb3 {[%clk 01:23:01]} {[%emt 00:00:15]} b6 {[%clk 00:48:38]}
{[%emt 00:16:34]} 13. b4 {[%clk 01:09:02]} {[%emt 00:14:28]} Bb7 {[%clk
00:45:03]} {[%emt 00:04:04]} 14. d5 {[%clk 00:58:57]} {[%emt 00:10:34]} g6
{[%clk 00:35:52]} {[%emt 00:09:42]} 15. Qd2 {[%clk 00:49:04]} {[%emt 00:10:23]}
Kg7 {[%clk 00:27:32]} {[%emt 00:08:51]} 16. Rad1 {[%clk 00:46:37]} {[%emt
00:02:56]} Qe7 {[%clk 00:24:33]} {[%emt 00:03:30]} 17. g4 {[%clk 00:42:55]}
{[%emt 00:04:12]} Rad8 {[%clk 00:19:20]} {[%emt 00:05:43]} 18. Qg2 {[%clk
00:38:22]} {[%emt 00:05:03]} c6 {[%clk 00:18:16]} {[%emt 00:01:34]} 19. g5
{[%clk 00:36:41]} {[%emt 00:02:10]} hxg5 {[%clk 00:17:01]} {[%emt 00:01:46]}
20. Qxg5 {[%clk 00:36:46]} {[%emt 00:00:24]} cxd5 {[%clk 00:13:07]} {[%emt
00:04:25]} 21. Nh4 {[%clk 00:34:01]} {[%emt 00:03:14]} Bc8 {[%clk 00:12:52]}
{[%emt 00:00:45]} 22. Nf5+ {[%clk 00:25:26]} {[%emt 00:09:05]} Bxf5 {[%clk
00:13:16]} {[%emt 00:00:06]} 23. exf5 {[%clk 00:25:54]} {[%emt 00:00:02]} Rh8
{[%clk 00:13:10]} {[%emt 00:00:36]} 24. Qg2 {[%clk 00:25:22]} {[%emt 00:01:03]}
Rh5 {[%clk 00:11:45]} {[%emt 00:01:55]} 25. fxg6 {[%clk 00:23:37]} {[%emt
00:02:15]} fxg6 {[%clk 00:11:39]} {[%emt 00:00:36]} 26. Rf3 {[%clk 00:23:12]}
{[%emt 00:00:55]} d4 {[%clk 00:07:09]} {[%emt 00:05:01]} 27. exd4 {[%clk
00:19:19]} {[%emt 00:04:22]} exd4 {[%clk 00:07:34]} {[%emt 00:00:05]} 28. Rxd4
{[%clk 00:17:23]} {[%emt 00:02:25]} Qe1+ {[%clk 00:07:27]} {[%emt 00:00:37]}
29. Qf1 {[%clk 00:17:12]} {[%emt 00:00:42]} Rg5+ {[%clk 00:07:05]} {[%emt
00:00:52]} 30. Kh1 {[%clk 00:17:32]} {[%emt 00:00:10]} Qxf1+ {[%clk 00:05:19]}
{[%emt 00:02:15]} 31. Rxf1 {[%clk 00:17:58]} {[%emt 00:00:04]} Nh5 {[%clk
00:03:51]} {[%emt 00:01:58]} 32. Kh2 {[%clk 00:16:58]} {[%emt 00:01:30]} Rf5
{[%clk 00:02:10]} {[%emt 00:02:12]} 33. Rxf5 {[%clk 00:12:20]} {[%emt
00:05:08]} gxf5 {[%clk 00:02:38]} {[%emt 00:00:01]} 34. Rd2 {[%clk 00:12:41]}
{[%emt 00:00:09]} Nf6 {[%clk 00:01:04]} {[%emt 00:02:04]} 35. Kg3 {[%clk
00:11:50]} {[%emt 00:01:21]} Kg6 {[%clk 00:00:52]} {[%emt 00:00:43]} 36. Kf4
{[%clk 00:11:30]} {[%emt 00:00:50]} Nh5+ {[%clk 00:01:05]} {[%emt 00:00:17]}
37. Kf3 {[%clk 00:11:55]} {[%emt 00:00:05]} Nf6 {[%clk 00:00:47]} {[%emt
00:00:48]} 38. Rg2+ {[%clk 00:11:44]} {[%emt 00:00:41]} Kf7 {[%clk 00:01:10]}
{[%emt 00:00:06]} 39. Kf4 {[%clk 00:11:40]} {[%emt 00:00:34]} Rh8 {[%clk
00:01:07]} {[%emt 00:00:33]} 40. Kxf5 {[%clk 00:10:18]} {[%emt 00:01:52]} Rxh3
{[%clk 00:01:21]} {[%emt 00:00:17]} 41. Rf2 {[%clk 00:06:29]} {[%emt 00:04:19]}
Rh5+ {[%clk 00:25:39]} {[%emt 00:06:11]} 42. Kf4 {[%clk 00:36:43]} {[%emt
00:00:17]} Ke6 {[%clk 00:25:29]} {[%emt 00:00:40]} 43. Re2+ {[%clk 00:27:00]}
{[%emt 00:10:12]} Re5 {[%clk 00:24:53]} {[%emt 00:01:06]} 44. Rd2 {[%clk
00:26:39]} {[%emt 00:00:51]} b5 {[%clk 00:23:49]} {[%emt 00:01:34]} 45. Kf3
{[%clk 00:23:42]} {[%emt 00:03:27]} d5 {[%clk 00:18:43]} {[%emt 00:05:36]} 46.
Rd3 {[%clk 00:18:43]} {[%emt 00:05:30]} Rh5 {[%clk 00:17:40]} {[%emt 00:01:33]}
47. Kg2 {[%clk 00:18:15]} {[%emt 00:00:56]} Rh4 {[%clk 00:17:00]} {[%emt
00:01:12]} 48. Ne2 {[%clk 00:12:59]} {[%emt 00:05:45]} Rxb4 {[%clk 00:09:48]}
{[%emt 00:07:43]} 49. Nd4+ {[%clk 00:13:20]} {[%emt 00:00:08]} Kd6 {[%clk
00:10:12]} {[%emt 00:00:06]} 50. b3 {[%clk 00:13:38]} {[%emt 00:00:13]} Ne4
{[%clk 00:10:18]} {[%emt 00:00:24]} 51. Nf5+ {[%clk 00:12:24]} {[%emt
00:01:43]} Kc5 {[%clk 00:08:54]} {[%emt 00:01:54]} 52. Kf3 {[%clk 00:10:56]}
{[%emt 00:01:58]} Ng5+ {[%clk 00:07:42]} {[%emt 00:01:42]} 53. Ke3 {[%clk
00:10:29]} {[%emt 00:00:57]} Re4+ {[%clk 00:07:59]} {[%emt 00:00:13]} 54. Kd2
{[%clk 00:10:45]} {[%emt 00:00:14]} Re5 {[%clk 00:07:41]} {[%emt 00:00:48]} 55.
Nd4 {[%clk 00:09:51]} {[%emt 00:01:25]} Ne4+ {[%clk 00:07:31]} {[%emt
00:00:39]} 56. Kc1 {[%clk 00:09:16]} {[%emt 00:00:59]} Rh5 {[%clk 00:04:35]}
{[%emt 00:03:32]} 57. Kb2 {[%clk 00:08:39]} {[%emt 00:01:07]} b4 {[%clk
00:04:45]} {[%emt 00:00:20]} 58. Ne6+ {[%clk 00:08:36]} {[%emt 00:00:33]} Kd6
{[%clk 00:04:44]} {[%emt 00:00:31]} 59. Nd4 {[%clk 00:08:50]} {[%emt 00:00:17]}
Nc3 {[%clk 00:04:24]} {[%emt 00:00:50]} 60. Rxc3 {[%clk 00:07:32]} {[%emt
00:01:48]} bxc3+ {[%clk 00:04:46]} {[%emt 00:00:08]} 61. Kxc3 {[%clk 00:07:50]}
{[%emt 00:00:11]} a5 {[%clk 00:04:26]} {[%emt 00:00:50]} 62. Kb2 {[%clk
00:07:39]} {[%emt 00:00:40]} Re5 {[%clk 00:02:46]} {[%emt 00:02:11]} 63. Nf3
{[%clk 00:07:37]} {[%emt 00:00:32]} Re3 {[%clk 00:03:02]} {[%emt 00:00:14]} 64.
Nd4 {[%clk 00:07:00]} {[%emt 00:01:08]} Kc5 {[%clk 00:03:26]} {[%emt 00:00:06]}
65. c3 {[%clk 00:07:13]} {[%emt 00:00:16]} Re4 {[%clk 00:03:31]} {[%emt
00:00:25]} 66. Nc2 {[%clk 00:06:47]} {[%emt 00:00:56]} Re2 {[%clk 00:03:57]}
{[%emt 00:00:04]} 67. Kc1 {[%clk 00:06:02]} {[%emt 00:01:15]} a4 {[%clk
00:03:15]} {[%emt 00:01:11]} 68. bxa4 {[%clk 00:05:36]} {[%emt 00:00:56]} Kc4
{[%clk 00:03:41]} {[%emt 00:00:04]} 69. Kd1 {[%clk 00:04:56]} {[%emt 00:01:10]}
Rh2 {[%clk 00:03:20]} {[%emt 00:00:51]} 70. Nb4 {[%clk 00:04:46]} {[%emt
00:00:40]} d4 {[%clk 00:03:37]} {[%emt 00:00:13]} 71. a5 {[%clk 00:04:07]}
{[%emt 00:01:09]} dxc3 {[%clk 00:03:39]} {[%emt 00:00:29]} 72. Nc2 {[%clk
00:04:16]} {[%emt 00:00:22]} Kb3 {[%clk 00:03:22]} {[%emt 00:00:47]} 73. Nd4+
{[%clk 00:04:05]} {[%emt 00:00:41]} Kb2 {[%clk 00:03:34]} {[%emt 00:00:17]} 74.
a6 {[%clk 00:04:16]} {[%emt 00:00:18]} Rd2+ {[%clk 00:03:58]} {[%emt 00:00:07]}
0-1

[Event "Deutsche Ländermeisterschaft 2025"]
[Site "Oer-Erkenschwick GER"]
[Date "2025.10.03"]
[Round "4"]
[White "Nguyen, Thanh An"]
[Black "Böhler, Yannic"]
[Result "1-0"]
[Termination "normal"]
[Board "8.4"]
[WhiteElo "2005"]
[BlackElo "1848"]
[WhiteClock "00:53:22"]
[BlackClock "00:11:52"]
[WhiteTeam "Sachsen"]
[BlackTeam "Hamburg 2"]
[PlyCount "87"]
[WhiteFideId "34627804"]
[BlackFideId "34609059"]
[EventCountry "GER"]
[EventRounds "7"]
[EventType "team-swiss"]
[EventDate "2025.09.30"]

1. c4 {[%clk 01:30:57]} {[%emt 00:00:02]} Nf6 {[%clk 01:30:57]} {[%emt
00:00:03]} 2. Nc3 {[%clk 01:31:20]} {[%emt 00:00:07]} g6 {[%clk 01:29:35]}
{[%emt 00:01:52]} 3. d4 {[%clk 01:31:13]} {[%emt 00:00:37]} Bg7 {[%clk
01:30:04]} {[%emt 00:00:02]} 4. e4 {[%clk 01:31:14]} {[%emt 00:00:29]} d6
{[%clk 01:30:31]} {[%emt 00:00:03]} 5. h3 {[%clk 01:31:26]} {[%emt 00:00:17]}
e5 {[%clk 01:28:52]} {[%emt 00:02:09]} 6. d5 {[%clk 01:31:49]} {[%emt
00:00:07]} Na6 {[%clk 01:29:01]} {[%emt 00:00:21]} 7. Bd3 {[%clk 01:30:49]}
{[%emt 00:01:30]} Nc5 {[%clk 01:24:24]} {[%emt 00:05:08]} 8. Bc2 {[%clk
01:31:14]} {[%emt 00:00:04]} a5 {[%clk 01:24:43]} {[%emt 00:00:11]} 9. Nge2
{[%clk 01:31:32]} {[%emt 00:00:12]} h5 {[%clk 01:24:29]} {[%emt 00:00:44]} 10.
Bg5 {[%clk 01:29:17]} {[%emt 00:02:45]} Bh6 {[%clk 01:17:51]} {[%emt 00:07:09]}
11. Bxh6 {[%clk 01:26:49]} {[%emt 00:02:57]} Rxh6 {[%clk 01:17:52]} {[%emt
00:00:29]} 12. Qd2 {[%clk 01:27:13]} {[%emt 00:00:06]} Rh8 {[%clk 01:17:59]}
{[%emt 00:00:22]} 13. O-O-O {[%clk 01:26:27]} {[%emt 00:01:16]} Kf8 {[%clk
01:16:03]} {[%emt 00:02:26]} 14. g3 {[%clk 01:23:03]} {[%emt 00:03:55]} Kg7
{[%clk 01:10:53]} {[%emt 00:05:40]} 15. f4 {[%clk 01:17:29]} {[%emt 00:06:05]}
exf4 {[%clk 01:03:40]} {[%emt 00:07:43]} 16. gxf4 {[%clk 01:17:53]} {[%emt
00:00:05]} Re8 {[%clk 01:03:56]} {[%emt 00:00:15]} 17. Qd4 {[%clk 01:17:58]}
{[%emt 00:00:24]} Ncd7 {[%clk 01:01:13]} {[%emt 00:03:13]} 18. Rhg1 {[%clk
01:14:20]} {[%emt 00:04:08]} Kh7 {[%clk 00:45:08]} {[%emt 00:16:35]} 19. Ng3
{[%clk 01:12:53]} {[%emt 00:01:58]} b6 {[%clk 00:36:40]} {[%emt 00:08:57]} 20.
Rde1 {[%clk 01:12:55]} {[%emt 00:00:29]} Qe7 {[%clk 00:33:38]} {[%emt
00:03:32]} 21. Nb5 {[%clk 01:12:15]} {[%emt 00:01:10]} Nc5 {[%clk 00:33:22]}
{[%emt 00:00:46]} 22. e5 {[%clk 01:12:05]} {[%emt 00:00:41]} Ng8 {[%clk
00:29:28]} {[%emt 00:04:23]} 23. e6 {[%clk 01:06:38]} {[%emt 00:05:57]} Bxe6
{[%clk 00:26:03]} {[%emt 00:03:56]} 24. dxe6 {[%clk 01:06:24]} {[%emt
00:00:43]} Nxe6 {[%clk 00:26:31]} {[%emt 00:00:02]} 25. Qd1 {[%clk 01:06:35]}
{[%emt 00:00:18]} Qh4 {[%clk 00:25:01]} {[%emt 00:02:01]} 26. Qxh5+ {[%clk
01:05:10]} {[%emt 00:01:54]} Qxh5 {[%clk 00:24:25]} {[%emt 00:01:07]} 27. Nxh5
{[%clk 01:05:36]} {[%emt 00:00:04]} Kh6 {[%clk 00:24:23]} {[%emt 00:00:32]} 28.
Ng3 {[%clk 01:05:05]} {[%emt 00:01:00]} Nxf4 {[%clk 00:24:33]} {[%emt
00:00:20]} 29. Rxe8 {[%clk 01:04:38]} {[%emt 00:00:58]} Rxe8 {[%clk 00:25:02]}
30. Nxc7 {[%clk 01:04:59]} {[%emt 00:00:08]} Rc8 {[%clk 00:23:06]} {[%emt
00:02:26]} 31. Nb5 {[%clk 01:04:44]} {[%emt 00:00:45]} Rxc4 {[%clk 00:21:05]}
{[%emt 00:02:31]} 32. Nxd6 {[%clk 01:05:02]} {[%emt 00:00:12]} Rc7 {[%clk
00:21:29]} {[%emt 00:00:05]} 33. Kb1 {[%clk 01:04:41]} {[%emt 00:00:52]} f6
{[%clk 00:21:15]} {[%emt 00:00:44]} 34. Bb3 {[%clk 01:04:08]} {[%emt 00:01:03]}
Ne7 {[%clk 00:21:23]} {[%emt 00:00:22]} 35. Ne8 {[%clk 01:01:21]} {[%emt
00:03:17]} Rc6 {[%clk 00:21:11]} {[%emt 00:00:41]} 36. Ba4 {[%clk 01:01:48]}
{[%emt 00:00:04]} Rc4 {[%clk 00:19:46]} {[%emt 00:01:55]} 37. b3 {[%clk
01:00:27]} {[%emt 00:01:51]} Rc3 {[%clk 00:19:30]} {[%emt 00:00:45]} 38. Ne4
{[%clk 01:00:07]} {[%emt 00:00:51]} Rxh3 {[%clk 00:19:31]} {[%emt 00:00:29]}
39. N8xf6 {[%clk 01:00:18]} {[%emt 00:00:20]} Rh4 {[%clk 00:17:54]} {[%emt
00:02:05]} 40. Bd7 {[%clk 00:57:07]} {[%emt 00:03:42]} Nfd5 {[%clk 00:14:30]}
{[%emt 00:03:54]} 41. Nxd5 {[%clk 00:56:27]} {[%emt 00:01:11]} Nxd5 {[%clk
00:14:56]} {[%emt 00:00:04]} 42. Nf2 {[%clk 00:56:22]} {[%emt 00:00:35]} g5
{[%clk 00:14:38]} {[%emt 00:00:46]} 43. Ng4+ {[%clk 00:53:22]} {[%emt
00:03:29]} Kh5 {[%clk 00:11:52]} {[%emt 00:03:18]} 44. Be8# {[%emt 00:00:12]}
1-0

[Event "Deutsche Ländermeisterschaft 2025"]
[Site "Oer-Erkenschwick GER"]
[Date "2025.10.03"]
[Round "4"]
[White "Busch, Jonathan Luis"]
[Black "Dotschuweit, Erik"]
[Result "0-1"]
[Termination "normal"]
[Board "8.5"]
[WhiteElo "1754"]
[BlackElo "1733"]
[WhiteClock "00:09:05"]
[BlackClock "00:45:04"]
[WhiteTeam "Hamburg 2"]
[BlackTeam "Sachsen"]
[PlyCount "176"]
[WhiteFideId "34664874"]
[BlackFideId "34610146"]
[EventCountry "GER"]
[EventRounds "7"]
[EventType "team-swiss"]
[EventDate "2025.09.30"]

1. c4 {[%clk 01:30:04]} {[%emt 00:00:54]} e5 {[%clk 01:29:05]} {[%emt
00:01:56]} 2. g3 {[%clk 01:29:00]} {[%emt 00:01:35]} c6 {[%clk 01:22:25]}
{[%emt 00:07:09]} 3. Bg2 {[%clk 01:27:18]} {[%emt 00:02:11]} Nf6 {[%clk
01:21:45]} {[%emt 00:01:11]} 4. Nc3 {[%clk 01:25:30]} {[%emt 00:02:17]} Be7
{[%clk 01:07:32]} {[%emt 00:14:43]} 5. e3 {[%clk 01:21:23]} {[%emt 00:04:37]}
O-O {[%clk 01:07:09]} {[%emt 00:00:53]} 6. d4 {[%clk 01:19:39]} {[%emt
00:02:15]} exd4 {[%clk 01:07:21]} {[%emt 00:00:18]} 7. exd4 {[%clk 01:20:02]}
{[%emt 00:00:07]} Re8 {[%clk 01:06:49]} {[%emt 00:01:02]} 8. Nge2 {[%clk
01:20:02]} {[%emt 00:00:30]} d5 {[%clk 01:06:17]} {[%emt 00:01:02]} 9. cxd5
{[%clk 01:15:12]} {[%emt 00:05:20]} Nxd5 {[%clk 01:05:39]} {[%emt 00:01:08]}
10. Nxd5 {[%clk 01:15:09]} {[%emt 00:00:33]} cxd5 {[%clk 01:06:02]} {[%emt
00:00:07]} 11. O-O {[%clk 01:15:31]} {[%emt 00:00:08]} Nc6 {[%clk 01:05:24]}
12. Nf4 {[%clk 01:14:47]} {[%emt 00:02:21]} Bf6 {[%clk 01:02:32]} 13. Be3
{[%clk 01:13:32]} {[%emt 00:05:07]} Be6 {[%clk 01:01:36]} 14. Nxe6 {[%clk
01:13:32]} fxe6 {[%clk 01:01:36]} 15. Qd2 {[%clk 01:11:23]} {[%emt 00:06:24]}
Qb6 {[%clk 00:57:12]} 16. Rfd1 {[%clk 01:09:57]} {[%emt 00:05:32]} Rac8 {[%clk
00:56:30]} 17. Rac1 {[%clk 01:09:49]} {[%emt 00:01:49]} Qa6 {[%clk 00:56:03]}
18. b3 {[%clk 01:08:53]} {[%emt 00:02:23]} Qb6 {[%emt 00:07:37]} 19. f4 Bxd4
{[%clk 00:50:26]} {[%emt 00:03:23]} 20. Bxd4 {[%clk 01:03:57]} {[%emt
00:01:32]} Nxd4 {[%clk 00:50:46]} {[%emt 00:00:12]} 21. Rxc8 {[%clk 00:59:17]}
{[%emt 00:05:09]} Nf3+ {[%clk 00:50:44]} {[%emt 00:00:31]} 22. Kh1 {[%clk
00:59:28]} {[%emt 00:00:20]} Nxd2 {[%clk 00:51:02]} {[%emt 00:00:13]} 23. Rxe8+
{[%clk 00:59:35]} {[%emt 00:00:22]} Kf7 {[%clk 00:51:26]} {[%emt 00:00:07]} 24.
Rc8 {[%clk 00:59:06]} {[%emt 00:00:58]} Ne4 {[%clk 00:51:07]} {[%emt 00:00:49]}
25. Bxe4 {[%clk 00:59:06]} {[%emt 00:00:30]} dxe4 {[%clk 00:51:24]} {[%emt
00:00:13]} 26. Rc2 {[%clk 00:47:44]} {[%emt 00:11:52]} Kf6 {[%clk 00:50:03]}
27. Re1 {[%clk 00:47:03]} {[%emt 00:03:03]} Kf5 {[%clk 00:47:57]} {[%emt
00:02:35]} 28. Rce2 {[%clk 00:47:07]} {[%emt 00:00:28]} Qd4 {[%clk 00:47:39]}
{[%emt 00:00:47]} 29. Kg2 {[%clk 00:44:54]} {[%emt 00:02:43]} Qd3 {[%clk
00:46:40]} {[%emt 00:01:28]} 30. Re3 {[%clk 00:44:14]} {[%emt 00:01:10]} Qd2+
{[%clk 00:45:26]} {[%emt 00:01:42]} 31. R1e2 {[%clk 00:44:37]} {[%emt
00:00:10]} Qd5 {[%clk 00:45:07]} {[%emt 00:00:44]} 32. Kf2 {[%clk 00:43:38]}
{[%emt 00:01:34]} h5 {[%clk 00:43:47]} {[%emt 00:01:49]} 33. h3 {[%clk
00:43:20]} {[%emt 00:00:49]} h4 {[%clk 00:42:39]} {[%emt 00:01:39]} 34. Kg2
{[%clk 00:40:34]} {[%emt 00:03:14]} hxg3 {[%clk 00:41:45]} {[%emt 00:01:24]}
35. Kxg3 {[%clk 00:40:53]} {[%emt 00:00:11]} b5 {[%clk 00:33:27]} {[%emt
00:08:47]} 36. Rxe4 {[%clk 00:28:01]} {[%emt 00:13:22]} Qd3+ {[%clk 00:16:07]}
{[%emt 00:17:51]} 37. R4e3 {[%clk 00:27:11]} {[%emt 00:01:21]} Qd4 {[%clk
00:15:30]} {[%emt 00:01:06]} 38. Re5+ {[%clk 00:27:10]} {[%emt 00:00:31]} Kg6
{[%emt 00:00:32]} 39. Rxe6+ {[%clk 00:27:28]} Kh7 {[%clk 00:16:03]} {[%emt
00:00:07]} 40. R6e3 {[%clk 00:25:34]} {[%emt 00:02:25]} Qa1 {[%clk 00:15:55]}
{[%emt 00:00:37]} 41. Rg2 {[%clk 00:22:48]} {[%emt 00:03:16]} Qd4 {[%clk
00:15:29]} {[%emt 00:00:56]} 42. Rge2 {[%clk 00:17:42]} {[%emt 00:05:37]} Qa1
{[%clk 00:15:08]} {[%emt 00:00:49]} 43. Kg2 {[%clk 00:14:07]} {[%emt 00:04:06]}
Qf6 {[%clk 00:14:56]} {[%emt 00:00:41]} 44. Rf2 {[%clk 00:14:15]} {[%emt
00:00:23]} Qg6+ {[%clk 00:14:53]} {[%emt 00:00:33]} 45. Rg3 {[%clk 00:14:33]}
{[%emt 00:00:13]} Qc6+ {[%clk 00:15:07]} {[%emt 00:00:16]} 46. Kh2 {[%clk
00:14:43]} {[%emt 00:00:21]} Qc5 {[%clk 00:14:52]} {[%emt 00:00:44]} 47. Rfg2
{[%clk 00:14:48]} {[%emt 00:00:25]} Qd4 {[%clk 00:14:08]} {[%emt 00:01:13]} 48.
Rxg7+ {[%clk 00:14:30]} {[%emt 00:00:50]} Kh6 {[%clk 00:13:56]} 49. R7g4 {[%clk
00:13:23]} {[%emt 00:02:18]} Kh5 {[%clk 00:13:47]} {[%emt 00:00:39]} 50. Re2
{[%clk 00:09:54]} {[%emt 00:03:59]} Qd3 {[%clk 00:13:21]} {[%emt 00:00:56]} 51.
Rg5+ {[%clk 00:06:42]} {[%emt 00:03:43]} Kh6 {[%clk 00:13:36]} 52. Rf2 {[%clk
00:02:47]} {[%emt 00:04:40]} Qe3 {[%clk 00:13:32]} 53. Rgg2 {[%clk 00:30:25]}
{[%emt 00:03:25]} b4 {[%clk 00:43:27]} 54. f5 {[%clk 00:30:25]} Qe5+ {[%clk
00:43:27]} 55. Rg3 {[%clk 00:29:12]} {[%emt 00:02:56]} Qd4 {[%clk 00:43:56]}
56. Rgf3 {[%clk 00:26:46]} {[%emt 00:03:19]} Qe5+ {[%clk 00:44:11]} 57. Rf4
{[%clk 00:26:57]} {[%emt 00:00:35]} Kg7 {[%clk 00:42:39]} {[%emt 00:02:01]} 58.
f6+ {[%clk 00:26:19]} {[%emt 00:01:08]} Kf7 {[%clk 00:42:57]} {[%emt 00:00:13]}
59. h4 {[%clk 00:24:39]} {[%emt 00:02:10]} a5 {[%clk 00:43:05]} {[%emt
00:00:21]} 60. Kg3 {[%clk 00:23:36]} {[%emt 00:01:34]} Qe3+ {[%clk 00:43:13]}
{[%emt 00:00:20]} 61. Kg4 {[%clk 00:23:29]} {[%emt 00:00:39]} Qe6+ {[%clk
00:43:23]} 62. Kf3 {[%clk 00:19:31]} {[%emt 00:04:48]} Qh3+ {[%clk 00:43:33]}
{[%emt 00:00:20]} 63. Ke2 {[%clk 00:19:17]} {[%emt 00:00:45]} Qe6+ {[%clk
00:43:35]} 64. Kf1 {[%clk 00:18:23]} {[%emt 00:01:52]} Qh3+ {[%clk 00:43:45]}
65. Ke2 {[%clk 00:17:16]} {[%emt 00:01:56]} Qe6+ {[%clk 00:43:59]} 66. Kd3
{[%clk 00:17:20]} {[%emt 00:00:42]} Qd5+ {[%clk 00:43:49]} {[%emt 00:00:40]}
67. Rd4 {[%clk 00:16:44]} {[%emt 00:01:07]} Qb5+ {[%clk 00:44:05]} {[%emt
00:00:13]} 68. Kd2 {[%clk 00:16:28]} {[%emt 00:00:46]} Qc6 {[%emt 00:00:40]}
69. Ke2 {[%clk 00:14:13]} {[%emt 00:02:40]} Qc2+ {[%clk 00:43:29]} {[%emt
00:01:00]} 70. Kf1 {[%clk 00:13:31]} {[%emt 00:01:10]} Qc6 {[%emt 00:01:09]}
71. Kg1 {[%clk 00:12:58]} {[%emt 00:00:59]} Qc7 {[%clk 00:42:28]} {[%emt
00:00:56]} 72. Rg4 {[%clk 00:09:16]} {[%emt 00:04:15]} Qc1+ {[%clk 00:42:25]}
{[%emt 00:00:33]} 73. Kg2 {[%clk 00:08:49]} {[%emt 00:00:57]} Qc6+ {[%clk
00:44:05]} {[%emt 00:00:52]} 74. Re4 {[%clk 00:08:03]} {[%emt 00:04:43]} Qxe4+
{[%clk 00:44:22]} {[%emt 00:00:13]} 75. Kg3 {[%clk 00:08:25]} {[%emt 00:00:08]}
Qe3+ {[%clk 00:44:20]} {[%emt 00:00:32]} 76. Kg2 {[%clk 00:07:52]} {[%emt
00:01:04]} Qd4 {[%clk 00:43:16]} {[%emt 00:01:33]} 77. h5 {[%clk 00:08:04]}
{[%emt 00:00:19]} Qg4+ {[%clk 00:43:37]} {[%emt 00:00:08]} 78. Kf1 {[%clk
00:08:22]} {[%emt 00:00:13]} Qxh5 {[%clk 00:44:00]} {[%emt 00:00:06]} 79. Kg2
{[%clk 00:08:45]} {[%emt 00:00:08]} Qd1 {[%clk 00:43:12]} {[%emt 00:01:18]} 80.
Kg3 {[%clk 00:07:47]} {[%emt 00:01:27]} Qg1+ {[%clk 00:43:33]} {[%emt
00:00:09]} 81. Kf3 {[%clk 00:07:47]} {[%emt 00:00:30]} Kxf6 {[%clk 00:43:42]}
82. Ke3+ {[%clk 00:08:04]} {[%emt 00:00:34]} Ke5 {[%clk 00:43:48]} {[%emt
00:00:23]} 83. Kf3 {[%clk 00:08:01]} {[%emt 00:00:34]} Kd4 {[%clk 00:44:05]}
{[%emt 00:00:13]} 84. Ke2 {[%clk 00:08:13]} {[%emt 00:00:19]} Kc3 {[%clk
00:43:54]} {[%emt 00:00:41]} 85. Kf3 {[%clk 00:08:09]} {[%emt 00:00:34]} Qxf2
{[%clk 00:44:06]} {[%emt 00:00:18]} 86. Kxf2 {[%clk 00:08:31]} {[%emt
00:00:07]} Kb2 {[%clk 00:44:32]} {[%emt 00:00:03]} 87. Ke2 {[%clk 00:08:47]}
{[%emt 00:00:16]} Kxa2 {[%clk 00:44:49]} {[%emt 00:00:12]} 88. Kd3 {[%clk
00:09:05]} {[%emt 00:00:12]} Kxb3 {[%clk 00:45:04]} {[%emt 00:00:15]} 0-1